[Event "PER-ch"]
[Site "Lima"]
[Date "2017.03.05"]
[Round "8"]
[White "Tasayco, Alexis"]
[Black "Marigorda, Wilmer"]
[Result "0-1"]
[WhiteElo "1879"]
[BlackElo "1791"]
[PlyCount "78"]
[EventDate "2017.03.01"]
[EventType "swiss"]
[EventRounds "9"]
[EventCountry "PER"]
[SourceTitle "CBM 177 Extra"]
[Source "ChessBase"]
[SourceDate "2017.04.27"]
[SourceVersion "1"]
[SourceVersionDate "2017.04.27"]
[SourceQuality "1"]

1. e4 c5 2. Nf3 g6 3. d3 Bg7 4. Nbd2 Nc6 5. g3 Nf6 6. Bg2 0-0 7. 0-0 d6 8. Re1 Nd7 9. a4 Rb8 10. Nc4 b6 11. h4 a6 12. h5 b5 13. axb5 axb5 14. Ne3 b4 15. Nh4 Nd4 16. f4 e6 17. Bd2 Bf6 18. hxg6 fxg6 19. Qg4 Bxh4 20. gxh4 Nf6 21. Qg5 Nh5 22. f5 Qxg5 23. hxg5 exf5 24. exf5 Bxf5 25. Bd5+ Kh8 26. c3 bxc3 27. Bxc3 Bxd3 28. Ng4 Nf4 29. Bg2 Nfe2+ 30. Rxe2 Bxe2 31. Nf6 Rf7 32. Bd5 Re7 33. Re1 Re5 34. Ra1 Rxg5+ 35. Kh2 Rf5 36. Nd7 Re8 37. Bg2 Bf3 38. Bh3 Rh5 39. Kg3 Bc6 0-1